L'espérance de vie dans les régions françaises (Femme) - Statistiques

Statistiques générales
  • Ce quiz a été pris 13 fois
  • Le résultat moyen est 14 sur 18
Statistiques - réponses
Classement Espérance de vie (Femme) Régions % Correct
9 85,3 ans Bourgogne-Franche-Comté
92%
8 85,3 ans Bretagne
92%
7 85,8 ans Occitanie
92%
13 84,7 ans Guadeloupe
83%
1 86,5 ans Île-de-France
83%
15 84,5 ans La Réunion
83%
10 85,1 ans Martinique
83%
12 85,0 ans Normandie
83%
5 86,1 ans Provence-Alpes-Côte d'Azur
83%
11 85,1 ans Centre-Val de Loire
75%
2 86,3 ans Corse
75%
14 84,6 ans Grand Est
75%
17 82,2 ans Guyane
75%
16 84,1 ans Hauts-de-France
75%
4 86,1 ans Pays de la Loire
75%
18 76,4 ans Mayotte
67%
6 85,8 ans Nouvelle-Aquitaine
67%
3 86,2 ans Auvergne-Rhône-Alpes
58%
Aucun quiz correspondant
Distribution des résultats
% des personnes avec chaque résultat
Percentile par nombre de réponses
Votre historique - résultats
Vous n’avez pas pris ce quiz